[Event "ROM-ch"]
[Site "Cluj"]
[Date "2008.02.28"]
[Round "6"]
[White "Mateuta, Gabriel"]
[Black "Danilov, Vladimir"]
[Result "1-0"]
[WhiteElo "2503"]
[BlackElo "2432"]
[PlyCount "75"]
[EventDate "2008.02.25"]
[EventType "swiss"]
[EventRounds "9"]
[EventCountry "ROU"]
[SourceTitle "CBM 123 Extra"]
[Source "ChessBase"]
[SourceDate "2008.05.06"]
[SourceVersion "1"]
[SourceVersionDate "2008.05.06"]
[SourceQuality "1"]

1. Nf3 Nf6 2. c4 g6 3. d4 Bg7 4. Nc3 0-0 5. Bg5 c5 6. d5 h6 7. Bh4 d6 8. Nd2 g5 9. Bg3 Nh5 10. e3 Nxg3 11. hxg3 e6 12. Bd3 f5 13. Qc2 a6 14. 0-0 Bxc3 15. bxc3 e5 16. f3 Qe7 17. Rab1 e4 18. fxe4 Nd7 19. Rbe1 Qe5 20. Rf3 Nf6 21. exf5 Bd7 22. Ne4 Be8 23. Nxf6+ Rxf6 24. e4 Rd8 25. g4 h5 26. Qd2 Rd7 27. gxh5 g4 28. Rf4 Bxh5 29. g3 Rh7 30. Re2 Rfh6 31. Rh2 Kf7 32. Kg2 Qh8 33. Rf1 Qf6 34. Be2 Qe5 35. Qe3 Kg7 36. Rfh1 Qf6 37. Rh4 Rh8 38. Qf4 1-0